000
00383nam a22001577a 4500
003
MPLRDC
005
20220104114615.0
008
210129b ||||| |||| 00| 0 eng d
082
_a
857.6 YP-2
100
_a
雨萍
245
_a
渣甸山. 雨萍短篇小说
_c
260
_a
_b
城市出版有限公司
_c
1986
300
_b
平
650
_a
短篇小说
942
_c
BK
_o
857.6 YP-2
999
_c
8806
_d
8796